000 00321nam a22001217a 4500
041 _aENG
100 _aSrivastava .P.R
245 _aBIopesticide And Bloagents In Integrated Insect Post Mangemnt Of Mango
260 _aU. P
_bAnil Printing Press
_c1998
300 _a116
650 _aAgricultural
856 _uAgricultural
999 _c496
_d496